Vplyv energetickej závislosti na ekonomiku SR bakalárska práca

Enregistré dans:
Détails bibliographiques
Auteur principal: Gabíková, Andrea
Collectivité auteur: Obchodná fakulta EU. Katedra medzinárodného obchodu
Autres auteurs: Ružeková, Viera, 1957-
Format: Livre
Langue:slovaque
Publié: Bratislava 2011
Tags: Ajouter un tag
Pas de tags, Soyez le premier à ajouter un tag!

MARC

LEADER 00000nam a2200000 4500
001 0151151
005 20240320072215.3
041 0 |a slo 
044 |a SK 
245 1 0 |a Vplyv energetickej závislosti na ekonomiku SR  |b bakalárska práca  |c Andrea Gabíková ; školiteľ: Viera Ružeková 
264 1 |a Bratislava  |c 2011 
300 |a 65 s. 
100 1 |a Gabíková, Andrea 
700 1 |a Ružeková, Viera, 1957- 
710 2 |a Obchodná fakulta EU. Katedra medzinárodného obchodu